| 000 | 00325nam a2200121Ia 4500 | ||
|---|---|---|---|
| 005 | 20251222143243.0 | ||
| 008 | 251222s9999||||xx |||||||||||||| ||spa|| | ||
| 082 | _a658/C32I | ||
| 100 | _aCaselli, Clara | ||
| 245 | 0 | _aIntroducción a las Ciencias Económicas y Administrativas | |
| 264 | _bFondo Editorial UCSS | ||
| 942 | _cLIB | ||
| 999 |
_c14638 _d14638 |
||